[Event "CCT Play-in Chessable Masters 2024"]
[Site "Online"]
[Date "2024.01.31"]
[Round "2"]
[White "Sanal, Vahap"]
[Black "Fressinet, Laurent"]
[Result "1/2-1/2"]
[WhiteElo "2567"]
[BlackElo "2637"]
[Annotator "RC"]
[PlyCount "136"]
[EventDate "2024.01.26"]
[EventType "swiss"]
[EventCountry "NET"]
[SourceTitle "playchess.com"]
[Source "ChessBase"]
[SourceQuality "1"]

1. e4 e5 2. Nf3 Nc6 3. Bb5 Nf6 4. O-O Nxe4 5. Re1 Nd6 6. Nxe5 Be7 7. Bf1 Nf5 8. Nf3 d5 9. d4 O-O 10. c3 Re8 11. b3 Bd6 12. Rxe8+ Qxe8 13. Na3 a6 14. Nc2 Nce7 15. c4 c6 16. Ba3 Ng6 17. Bxd6 Nxd6 18. Ne3 Be6 19. Ng5 Nf5 20. Qh5 Nf8 21. cxd5 cxd5 22. Nxe6 fxe6 23. Qxe8 Rxe8 24. Nxf5 exf5 25. g3 Kf7 26. Bg2 Rd8 27. Re1 Ng6 28. Rc1 Rd7 29. Kf1 Ne7 30. Ke2 Nc6 31. Ke3 Re7+ 32. Kd2 Ke6 33. a3 Kd6 34. Rc5 g6 35. Rxd5+ Ke6 36. Kd3 b6 37. b4 Ra7 38. f4 h5 39. Kd2 Ke7 40. h3 Ke6 41. Kd3 Ke7 42. Ke2 Ke6 43. Kf2 Ke7 44. Bf3 Ke6 45. b5 axb5 46. Rxb5 Nxd4 47. Rxb6+ Ke7 48. Rb7+ Rxb7 49. Bxb7 Kd6 50. a4 Kc5 51. Ke3 Nc2+ 52. Kd3 Nb4+ 53. Kc3 Na2+ 54. Kd2 Nb4 55. Bc8 h4 56. gxh4 Nd5 57. h5 gxh5 58. Bxf5 Nxf4 59. Ke3 Nd5+ 60. Ke4 Nc3+ 61. Ke5 Nxa4 62. h4 Nb6 63. Be6 Nc4+ 64. Kf4 Nd6 65. Kg5 Kd4 66. Bb3 Ke5 67. Bd1 Nf5 68. Bxh5 Nxh4 1/2-1/2

[Event "CCT Play-in Chessable Masters 2024"]
[Site "Online"]
[Date "2024.01.31"]
[Round "2"]
[White "ViIIagra"]
[Black "Mamedov, Rauf"]
[Result "1/2-1/2"]
[WhiteElo "2567"]
[BlackElo "2651"]
[Annotator "TA"]
[PlyCount "111"]
[EventDate "2024.01.26"]
[EventType "swiss"]
[EventCountry "NET"]
[SourceTitle "playchess.com"]
[Source "ChessBase"]
[SourceQuality "1"]

1. d4 d5 2. Nc3 Nc6 3. Bf4 e5 4. dxe5 d4 5. Ne4 Qd5 6. Nd2 Nxe5 7. Ngf3 Ng6 8. e4 dxe3 9. Bxe3 Nf6 10. Bc4 Qh5 11. Ng5 Ne5 12. Qxh5 Nxh5 13. Bb3 h6 14. Nge4 f5 15. Ng3 f4 16. Nxh5 fxe3 17. fxe3 Bg4 18. Ng3 Bc5 19. h3 Bd7 20. Ke2 O-O-O 21. Nge4 Bb6 22. a4 a6 23. a5 Ba7 24. Nc3 Rhe8 25. e4 Nc6 26. Bc4 Nd4+ 27. Kd1 Rf8 28. Bd3 Rf2 29. g4 Be6 30. Kc1 Bc5 31. Ra4 Be7 32. Nd5 Bxd5 33. Rxd4 Be6 34. Rxd8+ Kxd8 35. Nc4 Bb4 36. Kb1 Ke7 37. Kc1 Kf6 38. c3 Bc5 39. Rf1 Rxf1+ 40. Bxf1 Kg5 41. Kd2 Kf4 42. Kd3 Kf3 43. b4 Be7 44. Ne3 c6 45. Nf5 Bxf5 46. exf5 Kf2 47. Be2 Kg2 48. Kc2 Kxh3 49. Kb3 Kg3 50. c4 Bd8 51. Ka4 Kf2 52. Bd1 Ke1 53. Bf3 Kf2 54. Bd1 Ke1 55. Bf3 Kf2 56. Bd1 1/2-1/2

[Event "CCT Play-in Chessable Masters 2024"]
[Site "Online"]
[Date "2024.01.31"]
[Round "2"]
[White "Lazavik, Denis"]
[Black "Smirnov, Pavel"]
[Result "1-0"]
[WhiteElo "2566"]
[BlackElo "2526"]
[Annotator "RC"]
[PlyCount "65"]
[EventDate "2024.01.26"]
[EventType "swiss"]
[EventCountry "NET"]
[SourceTitle "playchess.com"]
[Source "ChessBase"]
[SourceQuality "1"]

1. d4 Nf6 2. c4 e6 3. Nf3 d5 4. Nc3 c6 5. e3 Nbd7 6. Qc2 Bd6 7. b3 O-O 8. Be2 e5 9. cxd5 e4 10. Nxe4 Nxe4 11. Qxe4 Nf6 12. Qc2 cxd5 13. O-O Ne4 14. Bb2 Bf5 15. Qd1 Rc8 16. Ne5 Nc3 17. Bxc3 Rxc3 18. Bd3 Bxd3 19. Nxd3 Qc7 20. g3 Rc8 21. Rc1 Ba3 22. Rxc3 Qxc3 23. Nf4 Qc2 24. Nxd5 Qxa2 25. Qd3 a6 26. Nb6 Rd8 27. Qc3 Bd6 28. Nc4 Bf8 29. Na5 b5 30. Nc6 Rd6 31. Ne5 Qe2 32. Qc7 Qh5 33. g4 1-0

[Event "CCT Play-in Chessable Masters 2024"]
[Site "Online"]
[Date "2024.01.31"]
[Round "2"]
[White "chessdjw"]
[Black "Matinian, Nikita"]
[Result "1-0"]
[WhiteElo "2559"]
[BlackElo "2418"]
[Annotator "RC"]
[PlyCount "85"]
[EventDate "2024.01.26"]
[EventType "swiss"]
[EventCountry "NET"]
[SourceTitle "playchess.com"]
[Source "ChessBase"]
[SourceQuality "1"]

1. d4 Nf6 2. Nf3 g6 3. c4 Bg7 4. Nc3 O-O 5. e4 d6 6. Be2 e5 7. O-O Na6 8. Be3 Ng4 9. Bg5 f6 10. Bh4 c6 11. h3 Nh6 12. Re1 Qe7 13. a3 g5 14. Bg3 Nf7 15. b4 Nh8 16. Qb3 Be6 17. d5 Bf7 18. dxc6 bxc6 19. Qa4 Nb8 20. Rad1 Ng6 21. b5 c5 22. Nd5 Qd8 23. Ne3 Re8 24. Nf5 Bf8 25. Nh2 Nf4 26. Ng4 Be6 27. Bxf4 gxf4 28. b6 Nd7 29. b7 Rb8 30. Nxd6 Bxd6 31. Rxd6 Qe7 32. Rxe6 Qxe6 33. Qxd7 Qxd7 34. Nxf6+ Kg7 35. Nxd7 Rxb7 36. Nxc5 Rb2 37. Nd3 Rc2 38. c5 Kf6 39. Bf1 Rb8 40. Nb4 Rd2 41. Nd5+ Kg5 42. c6 Rbb2 43. Rc1 1-0

[Event "CCT Play-in Chessable Masters 2024"]
[Site "Online"]
[Date "2024.01.31"]
[Round "2"]
[White "GABUZYAN_CHESSMOOD"]
[Black "Gabrielian, Artur"]
[Result "1/2-1/2"]
[WhiteElo "2556"]
[BlackElo "2442"]
[Annotator "RC"]
[PlyCount "84"]
[EventDate "2024.01.26"]
[EventType "swiss"]
[EventCountry "NET"]
[SourceTitle "playchess.com"]
[Source "ChessBase"]
[SourceQuality "1"]

1. Nf3 Nf6 2. g3 g6 3. Bg2 Bg7 4. O-O O-O 5. d4 d6 6. Re1 Nc6 7. e4 e5 8. c3 Bg4 9. d5 Ne7 10. c4 Qd7 11. Nc3 Nh5 12. Qa4 Qc8 13. b4 a5 14. bxa5 f5 15. h3 fxe4 16. Ng5 Bd7 17. Qb4 h6 18. Ne6 Bxe6 19. dxe6 Nc6 20. Qb1 Qxe6 21. Qxb7 Nd4 22. Qxe4 Rxa5 23. Be3 Qf7 24. Nd5 c6 25. Ne7+ Qxe7 26. Bxd4 Qf7 27. Be3 d5 28. Qc2 d4 29. Bc1 d3 30. Qd2 e4 31. Bb2 Rf5 32. Bxg7 Rxf2 33. Qe3 Kxg7 34. Rf1 Rxf1+ 35. Rxf1 Qxc4 36. Rxf8 Kxf8 37. Bxe4 Kg7 38. Bxd3 Qxa2 39. Qe5+ Nf6 40. Qc7+ Qf7 41. Qxc6 Qd7 42. Qxd7+ Nxd7 1/2-1/2

[Event "CCT Play-in Chessable Masters 2024"]
[Site "Online"]
[Date "2024.01.31"]
[Round "2"]
[White "Muradli, Mahammad"]
[Black "Lodici, Lorenzo"]
[Result "1-0"]
[WhiteElo "2555"]
[BlackElo "2548"]
[Annotator "RC"]
[PlyCount "153"]
[EventDate "2024.01.26"]
[EventType "swiss"]
[EventCountry "NET"]
[SourceTitle "playchess.com"]
[Source "ChessBase"]
[SourceQuality "1"]

1. Nf3 b6 2. g3 Bb7 3. Bg2 g6 4. O-O Bg7 5. Re1 Nf6 6. c4 O-O 7. Nc3 Ne4 8. Nxe4 Bxe4 9. d3 Bb7 10. e4 c5 11. d4 cxd4 12. Nxd4 Nc6 13. Be3 Nxd4 14. Bxd4 Bxd4 15. Qxd4 Qc7 16. Rad1 Rfd8 17. Rd2 Rac8 18. b3 Qc5 19. Qb2 d6 20. h4 h5 21. Red1 Re8 22. e5 Bxg2 23. exd6 Bf3 24. d7 Bxd1 25. dxe8=Q+ Rxe8 26. Rxd1 Qc7 27. Qd4 e5 28. Qe4 Kg7 29. Rd5 Re6 30. Qd3 Re7 31. b4 Qc6 32. a3 e4 33. Qd4+ Qf6 34. Qe3 Qb2 35. c5 bxc5 36. bxc5 Kh7 37. Kg2 Qc2 38. Rd8 Qc4 39. Qg5 Qe6 40. Qe3 Qe5 41. c6 Rc7 42. Rd7 Rxd7 43. cxd7 Qd5 44. Qxa7 e3+ 45. Kh2 exf2 46. d8=Q Qxd8 47. Qxf7+ Kh6 48. Qxf2 Qd3 49. a4 Qa3 50. Qc2 Qb4 51. Qa2 Qa5 52. Qb2 Kh7 53. Qc2 Kh6 54. Kh3 Kh7 55. Qe4 Kh6 56. Qf4+ Kh7 57. Qf7+ Kh6 58. Qf4+ Kh7 59. Qe4 Kh6 60. Kg2 Qd2+ 61. Kf3 Qd1+ 62. Ke3 Qe1+ 63. Kd4 Qb4+ 64. Ke5 Qc3+ 65. Kd6 Qxg3+ 66. Ke6 Qg4+ 67. Ke5 Qd7 68. Qd4 Qe7+ 69. Kd5 Qd7+ 70. Ke4 Qg4+ 71. Kd3 Qf3+ 72. Qe3+ Qxe3+ 73. Kxe3 g5 74. a5 gxh4 75. a6 h3 76. a7 h2 77. a8=Q 1-0

[Event "CCT Play-in Chessable Masters 2024"]
[Site "Online"]
[Date "2024.01.31"]
[Round "2"]
[White "Dragun, Kamil"]
[Black "tptagain"]
[Result "1/2-1/2"]
[WhiteElo "2553"]
[BlackElo "2630"]
[Annotator "RC"]
[PlyCount "134"]
[EventDate "2024.01.26"]
[EventType "swiss"]
[EventCountry "NET"]
[SourceTitle "playchess.com"]
[Source "ChessBase"]
[SourceQuality "1"]

1. d4 d5 2. c4 e6 3. Nf3 c6 4. e3 Nf6 5. Nc3 Nbd7 6. Be2 b6 7. b3 Bb7 8. O-O Be7 9. Bb2 O-O 10. Rc1 Rc8 11. Qd3 Re8 12. Rfd1 Qc7 13. cxd5 exd5 14. Qb1 Qb8 15. Bd3 h6 16. Ne2 c5 17. Ng3 Bf8 18. Ne5 cxd4 19. Nxd7 Nxd7 20. Bxd4 Rxc1 21. Rxc1 Nc5 22. Bh7+ Kh8 23. Bf5 Qd8 24. Qb2 Kg8 25. Bb1 Ne4 26. Qc2 Ba3 27. Rd1 Qc8 28. f3 Qxc2 29. Bxc2 Nxg3 30. hxg3 Bc5 31. Kf2 h5 32. Bf5 g6 33. Bh3 Bxd4 34. Rxd4 Kg7 35. g4 hxg4 36. Bxg4 f5 37. Bh3 Rc8 38. Rd2 Kf6 39. g4 Rc1 40. gxf5 gxf5 41. f4 Bc8 42. Bf1 Be6 43. Bd3 a5 44. Rc2 Rxc2+ 45. Bxc2 Ke7 46. a3 Kd6 47. b4 axb4 48. axb4 Ke7 49. Ke2 Kd6 50. Kd3 Bd7 51. Kd4 Be6 52. Bb3 Bf7 53. Bd1 Be6 54. Bh5 Bg8 55. Be8 Be6 56. Bg6 Bd7 57. Bf7 Be6 58. Be8 Bg8 59. Bb5 Be6 60. Ba6 Bf7 61. Be2 Be6 62. Bh5 Bd7 63. Bg6 Be6 64. Kc3 Bd7 65. Bf7 Be6 66. Bg6 Bd7 67. Kd4 Be6 1/2-1/2

[Event "CCT Play-in Chessable Masters 2024"]
[Site "Online"]
[Date "2024.01.31"]
[Round "2"]
[White "bardiya_Daneshvar"]
[Black "MikaelyanArman"]
[Result "1-0"]
[WhiteElo "2552"]
[BlackElo "2360"]
[Annotator "RC"]
[PlyCount "139"]
[EventDate "2024.01.26"]
[EventType "swiss"]
[EventCountry "NET"]
[SourceTitle "playchess.com"]
[Source "ChessBase"]
[SourceQuality "1"]

1. Nf3 d5 2. e3 Nf6 3. c4 c6 4. Nc3 Nbd7 5. Qc2 e5 6. cxd5 Nxd5 7. Bc4 Nxc3 8. bxc3 Bd6 9. d4 O-O 10. O-O Qe7 11. e4 h6 12. a4 Re8 13. Re1 b6 14. g3 c5 15. d5 Nf8 16. a5 Bg4 17. Nd2 Ng6 18. Bf1 Bd7 19. Rb1 Rab8 20. axb6 axb6 21. Nc4 b5 22. Nxd6 Qxd6 23. Be3 Ne7 24. c4 b4 25. Ra1 Ra8 26. Qb2 f5 27. f3 f4 28. Rxa8 Rxa8 29. gxf4 exf4 30. Bf2 Qg6+ 31. Bg2 b3 32. Kf1 Qb6 33. Rb1 Ra4 34. Qxb3 Qa6 35. Qb8+ Kh7 36. Qxf4 Qxc4+ 37. Kg1 Nxd5 38. Qd2 Nc3 39. Re1 Be6 40. Bf1 Qb4 41. Qd6 Bf7 42. Qe7 Bg6 43. Qxc5 Qb2 44. Bg3 Ra2 45. Qf2 Qb4 46. Qe3 Nb5 47. Re2 Ra1 48. Re1 Ra2 49. Re2 Ra1 50. Qd2 Qa3 51. Re3 Qa4 52. Re1 Ra2 53. Qd3 Na3 54. Rc1 Nc2 55. Qc3 Nb4 56. Qc7 Qa3 57. Rc3 Qb2 58. Qc5 Qd2 59. Qe3 Qd1 60. Qe1 Qd4+ 61. Qe3 Qd1 62. Rc1 Qa4 63. Qd4 Qa3 64. Rc7 Qb2 65. Rxg7+ Kh8 66. Qxb2 Rxb2 67. Rxg6 Nd3 68. Rxh6+ Kg8 69. Rd6 Ne5 70. Bxe5 1-0

[Event "CCT Play-in Chessable Masters 2024"]
[Site "Online"]
[Date "2024.01.31"]
[Round "2"]
[White "Bosiocic, Marin"]
[Black "Sethu Madhav Upadhyayula"]
[Result "1/2-1/2"]
[WhiteElo "2549"]
[BlackElo "1502"]
[Annotator "RC"]
[PlyCount "162"]
[EventDate "2024.01.26"]
[EventType "swiss"]
[EventCountry "NET"]
[SourceTitle "playchess.com"]
[Source "ChessBase"]
[SourceQuality "1"]

1. Nf3 d5 2. g3 Nf6 3. Bg2 c5 4. O-O g6 5. c4 Bg7 6. d4 cxd4 7. Nxd4 O-O 8. cxd5 Nxd5 9. Nb5 Be6 10. Nd4 Bc8 11. Nc3 Nb6 12. Ndb5 Nc6 13. Bf4 Bf5 14. e4 Qxd1 15. Rfxd1 Bg4 16. f3 Be6 17. Nc7 Rad8 18. Nxe6 fxe6 19. Rxd8 Rxd8 20. Bf1 Ne5 21. Kg2 Nec4 22. Rb1 Nxb2 23. Rxb2 Bxc3 24. Rc2 Rc8 25. Be3 Kf7 26. f4 Bb4 27. Rxc8 Nxc8 28. Kf3 a6 29. a4 Ba5 30. Bc4 Nd6 31. Bb3 b5 32. e5 Nf5 33. Bf2 h5 34. h3 Bc3 35. Ke4 Bd2 36. axb5 axb5 37. Bd1 b4 38. Ba4 Bc3 39. g4 hxg4 40. hxg4 Nh6 41. Kf3 Kf8 42. Bh4 Nf7 43. g5 Nd8 44. Bf2 Nb7 45. Bb6 b3 46. Bxb3 Kf7 47. Ke4 Na5 48. Ba4 Nc4 49. Bf2 Bd2 50. Bb3 Na5 51. Ba4 Bc1 52. Bb5 Nb3 53. Bb6 Nd2+ 54. Kd3 Nf3 55. Ke2 Nh4 56. Bf2 Nf5 57. Kf3 Bb2 58. Ke4 Bc1 59. Be1 Bb2 60. Bd2 Ba3 61. Bc4 Bc5 62. Ba2 Bb6 63. Kd3 Bc5 64. Ke4 Bb6 65. Kd3 Bc5 66. Bc1 Bb6 67. Kc4 Be3 68. Bxe3 Nxe3+ 69. Kd4 Nf5+ 70. Ke4 Ng3+ 71. Kf3 Nf5 72. Bb1 Nd4+ 73. Ke3 Nf5+ 74. Bxf5 exf5 75. Kd4 Ke6 76. Kc4 Kd7 77. Kc5 Kc7 78. Kb5 Kb7 79. Kc5 Kc7 80. Kb5 Kb7 81. Kc5 Kc7 1/2-1/2

[Event "CCT Play-in Chessable Masters 2024"]
[Site "Online"]
[Date "2024.01.31"]
[Round "2"]
[White "Ju, Wenjun"]
[Black "frederiksvane"]
[Result "1/2-1/2"]
[WhiteElo "2549"]
[BlackElo "2595"]
[Annotator "RC"]
[PlyCount "164"]
[EventDate "2024.01.26"]
[EventType "swiss"]
[EventCountry "NET"]
[SourceTitle "playchess.com"]
[Source "ChessBase"]
[SourceQuality "1"]

1. d4 Nf6 2. c4 e6 3. Nf3 d5 4. Nc3 Nbd7 5. Bf4 Bb4 6. e3 c5 7. Bd3 cxd4 8. exd4 dxc4 9. Bxc4 O-O 10. O-O Nb6 11. Bd3 Bd7 12. a3 Be7 13. Ne5 Rc8 14. Qe2 Bc6 15. Rfd1 Nbd5 16. Bd2 Qb6 17. Bg5 Rcd8 18. Rac1 h6 19. Be3 Nxe3 20. fxe3 Bd5 21. Rf1 Nd7 22. Ng4 Bc6 23. Bb1 f5 24. Nf2 Kh8 25. Nd3 Bg5 26. h4 Bxh4 27. Nf4 Bg3 28. Ng6+ Kg8 29. Nxf8 Nxf8 30. Ba2 Kh8 31. b4 a6 32. Qh5 Bb8 33. Ne2 Bb5 34. Bc4 Be8 35. Qh3 Qd6 36. Nf4 Kh7 37. Bxe6 g6 38. d5 Qe5 39. Nd3 Qf6 40. Nc5 Nxe6 41. dxe6 b6 42. Nd7 Bxd7 43. exd7 Rxd7 44. Rfd1 Re7 45. Rd3 Kg7 46. Rcd1 Qe6 47. Qf3 Qe5 48. Qf4 Qxf4 49. exf4 Bxf4 50. Rd7 Kf6 51. Rxe7 Kxe7 52. Kf2 g5 53. Rd5 Ke6 54. Rd8 Be5 55. Ra8 Kd5 56. Rxa6 Bd4+ 57. Ke2 g4 58. Ra8 Kc4 59. Rf8 Kb3 60. Rxf5 Kxa3 61. Rf4 Bc3 62. b5 g3 63. Kd3 Kb3 64. Rg4 Be1 65. Ke2 Bf2 66. Rh4 Kc3 67. Kf3 Kd3 68. Rxh6 Kc4 69. Rh5 Kd4 70. Rg5 Kc4 71. Ke4 Be1 72. Ke3 Bf2+ 73. Ke2 Kd4 74. Kf3 Kc4 75. Ke4 Be1 76. Rd5 Bf2 77. Rf5 Bc5 78. Rf3 Bf2 79. Rf5 Bc5 80. Kf3 Bf2 81. Rh5 Kb4 82. Rg5 Kc4 1/2-1/2

[Event "CCT Play-in Chessable Masters 2024"]
[Site "Online"]
[Date "2024.01.31"]
[Round "2"]
[White "messiboca"]
[Black "Iskusnyh, Sergei"]
[Result "1-0"]
[WhiteElo "2549"]
[BlackElo "2440"]
[Annotator "RC"]
[PlyCount "69"]
[EventDate "2024.01.26"]
[EventType "swiss"]
[EventCountry "NET"]
[SourceTitle "playchess.com"]
[Source "ChessBase"]
[SourceQuality "1"]

1. c4 c5 2. Nc3 g6 3. g3 Bg7 4. Bg2 Nc6 5. d3 d6 6. Qd2 e5 7. e3 Nge7 8. Nge2 O-O 9. O-O Rb8 10. b3 Be6 11. Nd5 b5 12. Bb2 f5 13. f4 Bf7 14. Rac1 Nxd5 15. cxd5 Nb4 16. e4 Nxa2 17. Ra1 Nb4 18. fxe5 dxe5 19. exf5 Bxd5 20. Bxd5+ Qxd5 21. Rxa7 Qxd3 22. Qg5 Qxe2 23. Qe7 Qe3+ 24. Kg2 Qh6 25. Qe6+ Kh8 26. Rxg7 Rbe8 27. Rg8+ Rxg8 28. Bxe5+ Qg7 29. Bxg7+ Kxg7 30. Qd7+ Kh6 31. f6 Re2+ 32. Kh1 g5 33. f7 Rf8 34. Qd6+ Kg7 35. Qf6# 1-0

[Event "CCT Play-in Chessable Masters 2024"]
[Site "Online"]
[Date "2024.01.31"]
[Round "2"]
[White "Demidov, Mikhail"]
[Black "Khanin, Semen"]
[Result "1-0"]
[WhiteElo "2546"]
[BlackElo "2558"]
[Annotator "RC"]
[PlyCount "93"]
[EventDate "2024.01.26"]
[EventType "swiss"]
[EventCountry "NET"]
[SourceTitle "playchess.com"]
[Source "ChessBase"]
[SourceQuality "1"]

1. Nf3 Nf6 2. g3 g6 3. b3 d5 4. Bb2 c5 5. c4 d4 6. b4 Bg7 7. Bg2 O-O 8. O-O Re8 9. d3 e5 10. b5 e4 11. Ng5 Bf5 12. dxe4 Nxe4 13. Nxe4 Bxe4 14. Bxe4 Rxe4 15. e3 Nd7 16. exd4 cxd4 17. Nd2 Re8 18. Nb3 Ne5 19. Bxd4 Nxc4 20. Rc1 Rc8 21. Bxg7 Kxg7 22. Rc3 Qf6 23. Rf3 Qe5 24. Qd7 Qe7 25. Qd4+ Ne5 26. Re3 Qf6 27. Qxa7 b6 28. Qb7 Nc4 29. Rf3 Qe7 30. Qxe7 Rxe7 31. Rc3 Nd6 32. Rc6 Re6 33. Rxb6 Ra8 34. Rd1 Nc4 35. Rxe6 fxe6 36. Rd4 Ne5 37. Re4 Nf3+ 38. Kg2 Ng5 39. Rg4 Nf7 40. a4 Ne5 41. Rd4 Kf6 42. a5 Rb8 43. b6 Nc6 44. Rd7 h5 45. Rc7 Nb4 46. Nc5 Nd5 47. Nd7+ 1-0

[Event "CCT Play-in Chessable Masters 2024"]
[Site "Online"]
[Date "2024.01.31"]
[Round "2"]
[White "Dedic8"]
[Black "Santos Latasa, Jaime"]
[Result "1/2-1/2"]
[WhiteElo "2545"]
[BlackElo "2615"]
[Annotator "RC"]
[PlyCount "73"]
[EventDate "2024.01.26"]
[EventType "swiss"]
[EventCountry "NET"]
[SourceTitle "playchess.com"]
[Source "ChessBase"]
[SourceQuality "1"]

1. d4 Nf6 2. c4 e6 3. Nc3 d5 4. cxd5 exd5 5. Bg5 c6 6. e3 h6 7. Bh4 Be6 8. Bd3 Nbd7 9. Nge2 g5 10. Bg3 Nh5 11. Qc2 Nxg3 12. Nxg3 h5 13. O-O-O h4 14. Nf5 Qf6 15. g4 O-O-O 16. h3 Kb8 17. Kb1 Nb6 18. Rc1 Rc8 19. Na4 Nxa4 20. Qxa4 c5 21. dxc5 Bxc5 22. Qb5 a6 23. Qa5 Ba7 24. Qb4 Ka8 25. a3 Bb8 26. Qe7 Be5 27. Qxf6 Bxf6 28. Rxc8+ Rxc8 29. Rc1 Rh8 30. Nd4 Bxd4 31. exd4 Rh6 32. f4 gxf4 33. Rf1 Kb8 34. Rxf4 Kc7 35. Kc1 Kd6 36. Kd2 a5 37. Rf1 1/2-1/2

[Event "CCT Play-in Chessable Masters 2024"]
[Site "Online"]
[Date "2024.01.31"]
[Round "2"]
[White "Sychev, Klementy"]
[Black "youngKID"]
[Result "0-1"]
[WhiteElo "2542"]
[BlackElo "2484"]
[Annotator "RC"]
[PlyCount "70"]
[EventDate "2024.01.26"]
[EventType "swiss"]
[EventCountry "NET"]
[SourceTitle "playchess.com"]
[Source "ChessBase"]
[SourceQuality "1"]

1. e4 c5 2. Nf3 Nc6 3. d4 cxd4 4. Nxd4 Nf6 5. Nc3 d6 6. Bg5 Bd7 7. Bxf6 gxf6 8. Nf5 Qa5 9. Bb5 O-O-O 10. O-O Kb8 11. a4 e6 12. Ne3 h5 13. Nc4 Qc7 14. Bxc6 bxc6 15. b4 d5 16. Ne3 Bc8 17. exd5 exd5 18. Ne2 Bd6 19. b5 Bxh2+ 20. Kh1 Be5 21. Rb1 Ka8 22. bxc6 d4 23. Nc4 Qxc6 24. Qd3 Ba6 25. Rb5 Bxb5 26. axb5 Qxb5 27. f4 Bc7 28. Ra1 Rhg8 29. Ng3 Qb7 30. Rg1 h4 31. Nf5 h3 32. Qxh3 Rh8 33. Nh4 Bxf4 34. Re1 Rdg8 35. Kg1 Rxh4 0-1

[Event "CCT Play-in Chessable Masters 2024"]
[Site "Online"]
[Date "2024.01.31"]
[Round "2"]
[White "ElHelvetico"]
[Black "yobdc"]
[Result "1-0"]
[WhiteElo "2540"]
[BlackElo "2340"]
[Annotator "RC"]
[PlyCount "99"]
[EventDate "2024.01.26"]
[EventType "swiss"]
[EventCountry "NET"]
[SourceTitle "playchess.com"]
[Source "ChessBase"]
[SourceQuality "1"]

1. Nf3 Nf6 2. b3 g6 3. Bb2 Bg7 4. g3 d6 5. Bg2 e5 6. d3 Nc6 7. c4 O-O 8. O-O h6 9. Nbd2 Be6 10. e3 Qd7 11. d4 exd4 12. Nxd4 Bh3 13. N2f3 Bxg2 14. Kxg2 Rfe8 15. Qc2 Re7 16. Rad1 Ne4 17. Nxc6 Qxc6 18. Bxg7 Ng5 19. Rd5 Kxg7 20. Qc3+ f6 21. Nxg5 hxg5 22. f3 Rae8 23. e4 Re5 24. Qb2 a5 25. h3 b6 26. Rfd1 Kf7 27. R1d2 f5 28. exf5 gxf5 29. g4 f4 30. Qc2 Kg7 31. Qc3 Kh6 32. Qd4 R8e6 33. h4 Qe8 34. Rf2 Qe7 35. Rxe5 Rxe5 36. h5 Qe8 37. Kh3 Qe7 38. Qd3 Qe6 39. Kg2 Kg7 40. Rd2 Kh6 41. Kf2 Kg7 42. Re2 Rxe2+ 43. Qxe2 Qxe2+ 44. Kxe2 c6 45. Kd3 Kf6 46. Kd4 Ke6 47. a3 Kf6 48. b4 axb4 49. axb4 Ke6 50. b5 1-0

[Event "CCT Play-in Chessable Masters 2024"]
[Site "Online"]
[Date "2024.01.31"]
[Round "2"]
[White "GMKrikor"]
[Black "Le, Quang Liem"]
[Result "1/2-1/2"]
[WhiteElo "2532"]
[BlackElo "2731"]
[Annotator "TA"]
[PlyCount "131"]
[EventDate "2024.01.26"]
[EventType "swiss"]
[EventCountry "NET"]
[SourceTitle "playchess.com"]
[Source "ChessBase"]
[SourceQuality "1"]

1. Nf3 d5 2. c4 d4 3. b4 c5 4. Bb2 Nf6 5. g3 Qc7 6. Bg2 e5 7. O-O Nc6 8. b5 Nd8 9. e3 Bd6 10. exd4 exd4 11. d3 O-O 12. Re1 Bg4 13. Nbd2 Ne6 14. Qc2 Rae8 15. Re2 Qd8 16. Rae1 Bc7 17. Nb3 h6 18. a4 Nd7 19. h3 Bh5 20. Ba3 b6 21. Nbd2 Qb8 22. Bc1 Nf6 23. Ne4 Nxe4 24. Rxe4 Qc8 25. Nh4 Ng5 26. Bxg5 hxg5 27. Nf5 Rxe4 28. Bxe4 Re8 29. Qd2 Bg6 30. g4 Bf4 31. Qd1 Qd8 32. Bc6 Rxe1+ 33. Qxe1 Kf8 34. Qe2 f6 35. Qe4 Bf7 36. Bd5 Qe8 37. Qxe8+ Bxe8 38. Ng3 g6 39. Ne2 Be5 40. Be4 Kg7 41. Kg2 Bd7 42. Bd5 f5 43. f3 Kf6 44. Bb7 Bd6 45. Bd5 Bc8 46. Bc6 a5 47. Bd5 Bd7 48. Bb7 Bf4 49. Bd5 Ke5 50. Bb7 Be6 51. Kf2 Bd2 52. Kf1 Bb4 53. Bc6 Bf7 54. Kf2 Bc3 55. Kf1 Bd2 56. Bd7 Bb4 57. Kf2 Bd2 58. Kf1 Be3 59. Ke1 Bf4 60. Kf1 Bd2 61. Kf2 Bf4 62. Ke1 Be3 63. Kf1 Bf4 64. Ke1 Be3 65. Kf1 Bf4 66. Ke1 1/2-1/2

[Event "CCT Play-in Chessable Masters 2024"]
[Site "Online"]
[Date "2024.01.31"]
[Round "2"]
[White "Raja Rithvik R"]
[Black "VSERGUEI"]
[Result "1-0"]
[WhiteElo "2522"]
[BlackElo "2540"]
[Annotator "RC"]
[PlyCount "95"]
[EventDate "2024.01.26"]
[EventType "swiss"]
[EventCountry "NET"]
[SourceTitle "playchess.com"]
[Source "ChessBase"]
[SourceQuality "1"]

1. d4 d5 2. c4 c6 3. Nc3 Nf6 4. e3 a6 5. Nf3 b5 6. b3 Bg4 7. Be2 e6 8. O-O Nbd7 9. Bb2 Bd6 10. h3 Bf5 11. Nh4 Be4 12. Nxe4 dxe4 13. g3 O-O 14. Ng2 Qe7 15. a4 bxc4 16. bxc4 a5 17. Qc2 Rab8 18. Rfb1 h6 19. Bc1 Bb4 20. c5 e5 21. Bc4 Rfe8 22. Bd2 Red8 23. Bxb4 axb4 24. a5 exd4 25. exd4 Nf8 26. Ne3 Qd7 27. a6 Qxh3 28. a7 Ra8 29. Rxb4 h5 30. Rb7 Rd7 31. Qb3 h4 32. Bf1 Qe6 33. Qxe6 fxe6 34. Rxd7 N8xd7 35. Nc4 Nd5 36. gxh4 Kf8 37. Bg2 e5 38. Bxe4 exd4 39. Bxd5 cxd5 40. Nb6 Rxa7 41. Rxa7 Nxc5 42. Nxd5 d3 43. Ne3 d2 44. Kf1 Ne4 45. Ke2 Nxf2 46. Kxf2 d1=Q 47. Nxd1 g5 48. hxg5 1-0

[Event "CCT Play-in Chessable Masters 2024"]
[Site "Online"]
[Date "2024.01.31"]
[Round "2"]
[White "Genghis_K"]
[Black "Lupulescu, Constantin"]
[Result "1/2-1/2"]
[WhiteElo "2516"]
[BlackElo "2589"]
[Annotator "RC"]
[PlyCount "78"]
[EventDate "2024.01.26"]
[EventType "swiss"]
[EventCountry "NET"]
[SourceTitle "playchess.com"]
[Source "ChessBase"]
[SourceQuality "1"]

1. e4 c5 2. Nf3 e6 3. d4 cxd4 4. Nxd4 Nf6 5. Nc3 Nc6 6. Ndb5 d6 7. Bf4 e5 8. Bg5 a6 9. Na3 b5 10. Nd5 Be7 11. Bxf6 Bxf6 12. c3 Rb8 13. Nc2 O-O 14. h4 g6 15. g3 Bg7 16. h5 Ne7 17. Ncb4 Bb7 18. hxg6 hxg6 19. Be2 Rc8 20. a4 a5 21. Nxe7+ Qxe7 22. Nd5 Bxd5 23. Qxd5 Rc5 24. Qd3 bxa4 25. Rxa4 Rb8 26. b4 axb4 27. Rxb4 Rbc8 28. Rb3 d5 29. O-O d4 30. c4 Ra5 31. Rfb1 Bf8 32. Rb7 Rc7 33. R7b5 Ra3 34. R1b3 Ra1+ 35. Kg2 Qg5 36. Rb1 Ra3 37. R1b3 Ra1 38. Rb1 Ra3 39. R1b3 Ra1 1/2-1/2

[Event "CCT Play-in Chessable Masters 2024"]
[Site "Online"]
[Date "2024.01.31"]
[Round "2"]
[White "Cuenca Jimenez, Jose Fernando"]
[Black "Bologan, Victor"]
[Result "0-1"]
[WhiteElo "2514"]
[BlackElo "2585"]
[Annotator "RC"]
[PlyCount "108"]
[EventDate "2024.01.26"]
[EventType "swiss"]
[EventCountry "NET"]
[SourceTitle "playchess.com"]
[Source "ChessBase"]
[SourceQuality "1"]

1. d4 Nf6 2. Bf4 d5 3. e3 g6 4. Nc3 c6 5. h4 Bg7 6. h5 Nxh5 7. Rxh5 gxh5 8. Qxh5 Nd7 9. O-O-O Nf6 10. Qh2 Bf5 11. Nf3 h5 12. Be2 e6 13. Kb1 Ng4 14. Qg1 h4 15. Ne1 Bh6 16. f3 Nf6 17. Be5 Rg8 18. Qf2 Nd7 19. Bh2 Qf6 20. e4 Bxe4 21. Be5 Nxe5 22. dxe5 Qf4 23. Bd3 Bxd3 24. Nxd3 Qg3 25. Qd4 Qxg2 26. Qxh4 Bd2 27. Na4 Qe2 28. Qh1 O-O-O 29. a3 Rh8 30. Qf1 Qxf1 31. Rxf1 Rh2 32. Ka2 Rg8 33. f4 Be3 34. f5 Rxc2 35. fxe6 fxe6 36. Rf6 Re8 37. Kb3 Rc4 38. Nc3 Bd2 39. Ne2 a5 40. a4 b5 41. axb5 cxb5 42. Rf7 a4+ 43. Ka3 Rh8 44. Rf3 Kb7 45. b3 b4+ 46. Kxa4 Re4 47. Kb5 Rxe2 48. Rf7+ Kc8 49. Nc5 Be3 50. Nxe6 Rc2 51. Ng7 d4 52. e6 Bg5 53. Rf5 Be7 54. Rd5 Rd8 0-1